000 00532cam a2200145 4500500
005 20260329011041.0
041 _afre
042 _adc
100 1 0 _aWillems Federici, David
_eauthor
245 0 0 _aEnjeux du soin en obésité : corps en perte face aux agonistes du GLP-1
260 _c2026.
500 _a2
786 0 _nLe Journal des psychologues | Hors-série | HS7 | 2026-02-13 | p. 18-23 | 0752-501X
856 4 1 _uhttps://shs.cairn.info/revue-le-journal-des-psychologues-2026-hs7-page-18?lang=fr&redirect-ssocas=7080
999 _c1858191
_d1858191